| 000 | 01128cab a2200277 4500 | ||
|---|---|---|---|
| 001 | ABS42246 | ||
| 008 | 090401t1990 xxu||||| |||| 00| 0 eng d | ||
| 035 | _a(Sirsi) u35656 | ||
| 041 | _aeng | ||
| 100 | _aJeffery, G. | ||
| 245 | _aValuation by simulation of cash flow | ||
| 260 | _c1990 | ||
| 350 | _a0 | ||
| 490 |
_aLand & Minerals Surveying _v8(2) February 1990, 70-77(8) |
||
| 520 | _aPaper based on research carried out at Nottingham Polytechnic. It argues that traditional methods of investment valuation, those based on Years Purchase are insufficiently objective. They only provide a single estimate of an investment`s value which does not show the risk to which the investment is exposed. Simulations using probability models as an alternative method that illustrates the complete range of possible outcomes. | ||
| 650 | _aCOMPUTER MODELS | ||
| 650 | _aINVESTMENT VALUATION | ||
| 650 | _aMINERAL VALUATION | ||
| 650 | _aMINERALS | ||
| 650 | _aMONTE CARLO SIMULATION | ||
| 650 | _aPROBABILITY MODELS | ||
| 650 | _aSIMULATION | ||
| 690 | _aRATING AND VALUATION | ||
| 942 | _n0 | ||
| 948 | _c04/03/1997 | ||
| 999 |
_c23325 _d23325 |
||